000 00949nam a2200217Ii 4500
003 JO-AjNU
008 230605s9999||||xx |||||||||||||| ||und||
020 _a3-86093-278-0 / 2-912374-35-9
040 _aJO-AjNU
_bara
_erda
_cJO-AjNU
041 _aara
050 1 4 _aPJ7701.6.N8.A17 2001
100 3 _aتحقيق فاغنز،إيفالد,
_eauthor
_926913
245 0 0 _aديوان أبي نواس الحسن بن هاني الحكمي الجزء الأول ؛ النشرات الإسلامية جزء20 - قسم 1
250 _aط2 طبعة جديدة مزيدة
264 3 1 _aبيروت:كلاوس شفارتس برلين،2001
300 _aج1، 434ص
_bالنشرات الإسلامية جزء 20 ، قسم 1 ، الديوان الجزء الأول
336 _atext
_btxt
_2rdacontent
337 _aunmediated
_bn
_2rdamedia
338 _avolume
_bnc
_2rdacarrier
650 4 _a الشعر العربي - العصر العباسي
_926914
999 _aA10258
_c13826
_d13826